000 00588nam a22001937a 4500
008 161003b xxu||||| |||| 00| 0 eng d
020 _a9781611634082
050 _aHD 42
_b.S78 2012
100 _aStulberg, Joseph B.
245 _aThe middle voice :
_bmediating conflict successful/
250 _a2nd ed.
260 _aDurham :
_bCarolina academic press,
_c2012.
300 _axv, 186p. :
_bill. ;
_c23cm.
500 _aInclude index.
650 _aConflict management.
650 _aMediation.
700 _aLove, Lela P.
942 _2lcc
_cBOOKS
_hHD 42 .S78 2012
999 _c14484
_d14484